=LDR 00000nam 2200000 4500 =001 INLIS000000000047483 =005 20151208123331.0 =006 =007 =008 =035 ##$$0010-121500000000024 =082 ##$$a 028.55 =090 ##$$a 028.5 war k =100 ##$$a kak eka wardana =245 ##$$a kisah nabi muhamad saw =260 ##$$a syaamil cipta media =300 ##$$a hln. 27 =850 ##$$a NPBMAT =990 ##$$a 0001/BPAP-NTB/2015